Programmes et pratiques pédagogiques (Record no. 9591)

MARC details
000 -LEADER
fixed length control field 00336nam a2200109 4500
008 - FIXED-LENGTH DATA ELEMENTS--GENERAL INFORMATION
fixed length control field b xx# fre u
040 ## - CATALOGING SOURCE
Original cataloging agency LB-BrCRDP
082 1# - DEWEY DECIMAL CLASSIFICATION NUMBER
Classification number 375.8
Item number BAB
245 10 - TITLE STATEMENT
Title Programmes et pratiques pédagogiques
Remainder of title pour l'école élémentaire
Statement of responsibility, etc. Norbert Babin
942 ## - ADDED ENTRY ELEMENTS (KOHA)
Koha item type Books
Holdings
Withdrawn status Lost status Source of classification or shelving scheme Damaged status Not for loan Home library Current library Shelving location Date acquired Source of acquisition Cost, normal purchase price Total Checkouts Full call number Barcode Date last seen Copy number Price effective from Koha item type
    Dewey Decimal Classification     مكتبة دار المعلمين و المعلمات - طرابلس مكتبة دار المعلمين و المعلمات - طرابلس Salle de Lecture 06/07/2006 Ambassade de France 0.00   375.8 BAB CRT296 07/27/2016 1 07/27/2016 Books